000 00575cam a22002053a 4500
001 38536
003 PGUSA
005 20140828083841.0
008 120109s2012||||xxu|||||s|||||000 | eng d
040 _aPGUSA
_beng
042 _adc
100 1 _aRivenburg, Romeyn Henry
245 1 2 _aA Review of Algebra
_h[electronic resource] /
_cRomeyn Henry Rivenburg
260 _bProject Gutenberg,
_c2012
506 _aPublic domain in the USA.
516 _aElectronic text
830 0 _aProject Gutenberg
_v38536
856 4 0 _uhttp://www.gutenberg.org/ebooks/38536
942 _cEB
999 _c267790
_d267790